000 00464nam a2200181Ia 4500
001 1607
005 20260306143740.0
008 260306t1955||||xx |||||||||||||| ||spa||
041 _aESP
082 _a152.322
_bP31
100 _aPavlov, Ivan P.
_eAUT
245 0 _aLos reflejos condicionados aplicados a la psicopatología y psiquiatría
260 _c1955
300 _a426 páginas :
_c20 cm.
650 _aGEN
654 _aCPS
942 _cLIB
_dJUS
_fJUS
_2ddc
_n
999 _c1607
_d1607